Normas de información financiera (NIF) 2020 / (Registro nro. 69538)
[ vista simple ]
| 000 -LEADER | |
|---|---|
| fixed length control field | 01663nam a2200313 i 4500 |
| 001 - CONTROL NUMBER | |
| control field | 69538 |
| 003 - CONTROL NUMBER IDENTIFIER | |
| control field | Mx-PuUPA |
| 005 - DATE AND TIME OF LATEST TRANSACTION | |
| control field | 20220602164504.0 |
| 008 - FIXED-LENGTH DATA ELEMENTS--GENERAL INFORMATION | |
| fixed length control field | 220530s2020 mx |||gr|||| 00| 0 spa d |
| 020 ## - INTERNATIONAL STANDARD BOOK NUMBER | |
| International Standard Book Number | 9786075630083 |
| 040 ## - CATALOGING SOURCE | |
| Original cataloging agency | Mx-PuUPA |
| Language of cataloging | spa |
| Transcribing agency | Mx-PuUPA |
| Modifying agency | Mx-PuUPA |
| Description conventions | rda |
| 041 0# - LANGUAGE CODE | |
| Language code of text/sound track or separate title | spa |
| 110 2# - MAIN ENTRY--CORPORATE NAME | |
| 9 (RLIN) | 6200 |
| Corporate name or jurisdiction name as entry element | Consejo Mexicano para la Investigación y Desarrollo de Normas de Información Financiera, |
| Date of meeting or treaty signing | 2004 |
| 245 ## - TITLE STATEMENT | |
| Title | Normas de información financiera (NIF) 2020 / |
| Statement of responsibility, etc. | Consejo Mexicano de Normas de Información Financiera |
| 250 ## - EDITION STATEMENT | |
| Edition statement | 3a. edición |
| 264 ## - PRODUCTION, PUBLICATION, DISTRIBUTION, MANUFACTURE, AND COPYRIGHT NOTICE | |
| Place of production, publication, distribution, manufacture | Ciudad de México : |
| Name of producer, publisher, distributor, manufacturer | Instituto Mexicano de Contadores Públicos, |
| Date of production, publication, distribution, manufacture, or copyright notice | ©2020 |
| 300 ## - PHYSICAL DESCRIPTION | |
| Extent | xii, 1769 páginas ; |
| Dimensions | 23 cm |
| 336 ## - CONTENT TYPE | |
| Fuente | rdacontent |
| Content type term | texto |
| Content type code | txt |
| 337 ## - MEDIA TYPE | |
| Source | rdamedia |
| Media type term | sin medio |
| Media type code | n |
| 338 ## - CARRIER TYPE | |
| Source | rdacarrier |
| Carrier type term | volumen |
| Carrier type code | nc |
| 500 ## - GENERAL NOTE | |
| General note | El texto completo de Normas de Información Financiera considera la normativa que se encuentra en vigor al 1° de enero de 2020, así como el INIF 22, Reconocimiento del efecto esperado en las relaciones e cobertura por los cambios previstos en las tasas de interés de referencia, la que entra en vigor el 1° de enero de 2020, la NIF C-17, Propiedades de inversión y la C-22, Criptomonedas, que entran en vigor el 1°de enero de 2021.-- Portada. |
| 505 ## - FORMATTED CONTENTS NOTE | |
| Formatted contents note | Incluye boletines y circulares de la Comisión de Principios de Contabilidad de IMCP.-- Portada |
| 650 #7 - SUBJECT ADDED ENTRY--TOPICAL TERM | |
| Source of heading or term | armarc |
| Topical term or geographic name entry element | Auditoría |
| 650 #7 - SUBJECT ADDED ENTRY--TOPICAL TERM | |
| Source of heading or term | armarc |
| Topical term or geographic name entry element | Auditoria |
| General subdivision | Legislación |
| 942 ## - ADDED ENTRY ELEMENTS (KOHA) | |
| Source of classification or shelving scheme | Dewey Decimal Classification |
| Koha item type | Libro |
| Classification part | 657.3 |
| Item part | N822 |
| Withdrawn status | Lost status | Source of classification or shelving scheme | Damaged status | Not for loan | Collection code | Home library | Current library | Shelving location | Date acquired | Source of acquisition | Cost, normal purchase price | Total Checkouts | Total Renewals | Full call number | Barcode | Date last seen | Date last checked out | Cost, replacement price | Price effective from | Koha item type | Copy number |
|---|---|---|---|---|---|---|---|---|---|---|---|---|---|---|---|---|---|---|---|---|---|
| Dewey Decimal Classification | General | Biblioteca Karol Wojtyla | Biblioteca Karol Wojtyla | Sala general | 15/04/2024 | 1 | 784.00 | 5 | 1 | 657.3 N822 2020 | 102300 | 21/01/2026 | 04/02/2025 | 784.00 | 15/04/2024 | Libro | |||||
| Dewey Decimal Classification | General | Biblioteca Karol Wojtyla | Biblioteca Karol Wojtyla | Sala general | 15/04/2024 | 1 | 784.00 | 8 | 1 | 657.3 N822 2020 | 102301 | 21/01/2026 | 21/01/2026 | 784.00 | 15/04/2024 | Libro | Ej.2 |